Responses for Show #7400 - Friday, November 11, 2016

2016 Teen Tournament quarterfinal game 3.
From DAR Constitution Hall in Washington, D.C.

Contestants

[<< previous game]

Michael Kwan, a sophomore from Cupertino, California

Alec Fischthal, a junior from North Woodmere, New York

Leeyu Addisu, an eighth grader from Ocala, Florida

[next game >>]

Jeopardy! Round responses

CHECKING OUT ALL THE ANGLES
ENTERTAINING ANIMALS
NEVER BORED OF BOARD GAMES
STARTS & ENDS WITH "E"
MOTOR VEHICLES
WHICH CONTINENT?
    $200 24
a right angle

Alec
    $200 21
Rio de Janeiro

Leeyu
    $200 14
Clue

Leeyu
    $200 12
emancipate

Alec
    $200 7
a fire truck

Leeyu
    $200 3
Europe

Alec
    $400 25
complementary

Michael
    $400 22
(Honey Nut) Cheerios

Alec
    $400 16
Battleship

Michael
    $400 13
elate

Triple Stumper
    $400 8
a dune buggy

Alec
    $400 4
South America

Michael
    $600 26
acute

Michael
    $600 23
Boo-Boo

Triple Stumper
    $600 15
Chutes and Ladders

Alec
    $1,000 1
(Leeyu: The election body?)

the electorate

Leeyu
    $600 9
a convertible

Alec
    $600 5
Asia

Alec
    $800 27
supplementary

Michael
    $800 29
Family Guy

Alec
    $800 17
Cranium

Leeyu
    $800 19
an eclipse

Michael
    $800 10
an ambulance

Michael
    $800 6
(Leeyu: What is Europe?)
(Alec: What is Australia?)
(Michael: What is North America?)

Antarctica

LeeyuAlecMichael
Triple Stumper
    $1000 28
a reflex

Alec
    $1000 30
(Alec: What is a lobster?)
(Leeyu: What is a dolphin?)

a seal

LeeyuAlec
Triple Stumper
    $1000 18
Go

Alec
    $1000 20
eloquence

Alec
    $1000 11
(Michael: What are off-road?)

snowmobiles

AlecMichael
    $1000 2
Africa

Alec

Scores at the first commercial break (after clue 15):

Leeyu Alec Michael
-$1,400 $3,800 -$600

Scores at the end of the Jeopardy! Round:

Leeyu Alec Michael
-$1,400 $7,200 $2,400

Double Jeopardy! Round responses

A STUDENT OF FILM
ABBREV.
LOOKING FOR ALASKA
PAPER TOWNS
THE FAULT
IN OUR STARS
    $400 26
(Leeyu: Who is Hermione?)

Emma Watson

LeeyuAlec
    $400 15
dude

Michael
    $400 18
Juneau

Michael
    $400 8
Panem

Michael
    $400 6
a gene

Leeyu
    $400 2
(Michael: What is Polaris?)

Sirius

Michael
Triple Stumper
    $800 27
(Michael: Who is Taylor Lautner?)
(Alec: Um... who is... Pattinson? Rob--Robert?)
(Alex: Be more specific.)
(Alec: Robert Pattinson?)

Edward

AlecMichael
Triple Stumper
    $800 16
(Michael: What is after the day of?)

the Year of our Lord

LeeyuMichael
    $800 17
a fjord

Alec
    $800 7
To Kill a Mockingbird

Alec
    $800 1
a foot fault

Alec
    $1,000 3
Polaris

Alec
    $1200 28
the Traveling Pants

Leeyu
    $1200 12
second lieutenant

Michael
    $1200 19
a land bridge

Michael
    $1200 9
Smaug

Michael
    $1200 5
Apollo 13

Alec
    $1200 4
Venus

Michael
    $1600 29
Chris Evans

Triple Stumper
    $1600 13
m (for meter)

Michael
    $1600 20
the Aleutians

Alec
    $1600 10
Ready Player One

Michael
    $1600 24
Imagine Dragons

Triple Stumper
    $1600 22
(Alec: Who are Romulus and Remus?)

Castor & Pollux

Alec
Triple Stumper
    $2000 30
Pretty in Pink

Triple Stumper
    $2000 14
(Michael: What is... hemophilia?)

hemoglobin

AlecMichael
    $3,000 21
(Vitus) Bering

Alec
    $2000 11
Miss Peregrine's

Leeyu
    $2000 25
Pontius Pilate

Triple Stumper
    $2000 23
Mensa

Alec

Scores at the end of the Double Jeopardy! Round:

Leeyu Alec Michael
$2,600 $18,400 $7,600
(lock game)

Final Jeopardy! Round responses

FAMOUS FIRST NAMES
(Alex: [To Michael] No, you added one syllable too many.)
LeeyuWhat is ?
$1,599
MichaelWhat is Malalala
$4,100
AlecWhat is Malala Malala
$0
Malala

Final scores:

Leeyu Alec Michael
$1,001 $18,400 $3,500
3rd place: $5,000 if eliminated Automatic semifinalist 2nd place: $5,000 if eliminated

Game dynamics:

Coryat scores:

Leeyu Alec Michael
$3,600 $17,200 $7,600
8 R,
4 W
(including 1 DD)
24 R
(including 2 DDs),
4 W
16 R,
6 W

Combined Coryat: $28,400

[game clues] [game scores] [suggest correction]

Game tape date: 2016-04-12
The J! Archive is created by fans, for fans. Scraping, republication, monetization, and malicious use prohibited; this site may use cookies and collect identifying information. See terms. The Jeopardy! game show and all elements thereof, including but not limited to copyright and trademark thereto, are the property of Jeopardy Productions, Inc. and are protected under law. This website is not affiliated with, sponsored by, or operated by Jeopardy Productions, Inc. Join the discussion at JBoard.tv.